000 00393 a2200157 4500
003 Nust
005 20221220121115.0
040 _cNust
082 _a128, THE
100 _aJ. E
_9105345
245 _aThe Bond of Sympathy
_cJ.E and Also Compiled by F. W Farrar
260 _aLondon
_bHamilton Knet & Co
300 _a126:p.;
650 _aThe Bond of Sympathy
_9105346
942 _2ddc
_cBK
999 _c185216
_d185216